Catálogo
 En Linea

Victoria, dolor y tragedia : (Registro nro. 17312)

Detalles MARC
000 -CABECERA
campo de control de longitud fija 01293nam a2200265 a 4500
001 - NÚMERO DE CONTROL
campo de control 000017787
003 - IDENTIFICADOR DEL NÚMERO DE CONTROL
campo de control OSt
005 - FECHA Y HORA DE LA ÚLTIMA TRANSACCIÓN
campo de control 20210427113422.0
008 - DATOS DE LONGITUD FIJA--INFORMACIÓN GENERAL
campo de control de longitud fija 100406s1946 dr 000 0 spa d
040 ## - FUENTE DE LA CATALOGACIÓN
Centro catalogador/agencia de origen DO-SdBNP
Lengua de catalogación spa
Centro/agencia transcriptor BNPHU
082 ## - NÚMERO DE LA CLASIFICACIÓN DECIMAL DEWEY
Número de clasificación 987
Número de documento/Ítem U73v, 1946
100 1# - ENTRADA PRINCIPAL--NOMBRE DE PERSONA
Nombre de persona Urbina, Rafael Simón
9 (RLIN) 38672
Fechas asociadas al nombre 1897-1950
245 10 - MENCIÓN DE TÍTULO
Título Victoria, dolor y tragedia :
Resto del título relación cronológica y autobiográfica de Rafael Simón Urbina /
Mención de responsabilidad, etc. Urbina, Rafael Simón ; prólogo Jorge Luciani
250 ## - MENCIÓN DE EDICIÓN
Mención de edición 2a. ed.
260 ## - PUBLICACIÓN, DISTRIBUCIÓN, ETC.
Lugar de publicación, distribución, etc. Ciudad Trujillo, República Dominicana :
Nombre del editor, distribuidor, etc. Luis Sánchez Andújar ,
Fecha de publicación, distribución, etc. 1946.
300 ## - DESCRIPCIÓN FÍSICA
Extensión 178 p. ;
Dimensiones 22 cm.
500 ## - NOTA GENERAL
Nota general Incluye notas al pie de la páginas.
505 0# - NOTA DE CONTENIDO CON FORMATO
Título Una familia de valientes --
-- Primeros pasos de Urbina --
-- Asalto a la isla de Curazao --
-- De nuevo en los médanos y sobre los picachos --
-- En la tierra viril de los Aztecas --
-- Hacia Venezuela en el vapor ¨Superior¨ --
-- El espíritu inquieto de Wendehake --
-- Los nuevos planes de Urbina --
-- Apéndices /
590 ## - NOTA LOCAL (RLIN)
Nota local Inventariado, 2020/ YL
600 14 - PUNTO DE ACCESO ADICIONAL DE MATERIA--NOMBRE DE PERSONA
Nombre de persona URBINA, RAFAEL SIMÓN,
Fechas asociadas al nombre 1830-1935
Subdivisión general CORRESPONDENCIA, MEMORIAS, ETC.
9 (RLIN) 38673
651 #4 - PUNTO DE ACCESO ADICIONAL DE MATERIA--NOMBRE GEOGRÁFICO
Nombre geográfico Venezuela
Subdivisión general Historia
Subdivisión cronológica 1830-1935
9 (RLIN) 6715
700 12 - PUNTO DE ACCESO ADICIONAL--NOMBRE DE PERSONA
Nombre de persona Luciani, Jorge
Término indicativo de función/relación prol.
9 (RLIN) 77381
910 ## - DATOS DE OPCIÓN DEL USUARIO (OCLC)
Datos de opción del usuario Validado. Control de calidad MMOLINA
942 ## - ELEMENTOS DE PUNTO DE ACCESO ADICIONAL (KOHA)
Fuente del sistema de clasificación o colocación Dewey Decimal Classification
Tipo de ítem Koha Libro
Existencias
Estado de retiro Estado de pérdida Fuente del sistema de clasificación o colocación Restricciones de uso No para préstamo Código de colección Localización permanente Ubicación/localización actual Ubicación en estantería Fecha de adquisición Fuente de adquisición Total de préstamos Signatura topográfica completa Código de barras Fecha visto por última vez Número de copia Precio válido a partir de Tipo de ítem Koha Nota pública Número de inventario
    Dewey Decimal Classification Préstamo en sala   Raros y valiosos Biblioteca Nacional Pedro Henríquez Ureña General Depósito 28.04.2013 Flia. Reyes Duluc   BNPHU DS 987 U73v 1946 17787-30 25.06.2020 e. 3 25.06.2020 Libro    
    Dewey Decimal Classification Préstamo en sala   Raros y valiosos Biblioteca Nacional Pedro Henríquez Ureña General Depósito 28.04.2013 Flia. Reyes Duluc   BNPHU DS 987 U73v 1946 2020-0579 24.11.2020 e. 4 25.06.2020 Libro    
    Dewey Decimal Classification Excluido de préstamo Préstamo restrigido Raros y valiosos Biblioteca Nacional Pedro Henríquez Ureña Patrimonio Dominicano Depósito 06.04.2013 Flia. Reyes Duluc   BNPHU PD 987 U73v 1946 17787-20 25.06.2020 e. 2 25.06.2020 Libro Perteneció a la biblioteca personal de la Flia. Reyes Duluc  
    Dewey Decimal Classification Excluido de préstamo Excluido de préstamo Raros y valiosos Patrimonio Dominicano Patrimonio Dominicano Depósito 06.04.2013 Flia. Reyes Duluc   987 U73v, 1946 17787-10 25.06.2020   25.06.2020 Libro   LF1

Con tecnología Koha